00473cam a22001577a 4500008004000000020001500040082001200055100002300067245009900090260003100189300001000220650002500230650003000255650001200285650001800297180718b2005 xxu||||| |||| 00| 0 eng d a8190294660 aT39 L17 aLamba, Harinder S. aRethinking progress: towards a creative transformation of global societycby Harinder S. Lamba aDelhibDaanish Booksc2005 a348p. aEconomic development aEnvironmental degradation aPoverty aGlobalization